000 00452cam a2200181ua 4500
020 _c2.50
041 _amal
_h
082 _a894.81209
_bKRI/SA
100 _aKrishnapillai, Kuttipuzha .
245 _aSahithee kauthukam /
_cKuttipuzha Krishnapillai.
_hTextual Documents
250 _a1 /
_b.
260 _aThrissur :
_bCurrent Books ,
_c1965.
300 _a146 ; .
365 _a2.50
504 _a
942 _cBK
999 _c12569
_d12569